Eight tables of Terror / (Record no. 5038)

MARC details
000 -LEADER
fixed length control field 00679nam a22001937a 4500
001 - CONTROL NUMBER
control field 5038
003 - CONTROL NUMBER IDENTIFIER
control field FISKH
005 - DATE AND TIME OF LATEST TRANSACTION
control field 20241101132007.0
008 - FIXED-LENGTH DATA ELEMENTS--GENERAL INFORMATION
fixed length control field 241101b cb ||||| |||| 00| 0 eng d
020 ## - INTERNATIONAL STANDARD BOOK NUMBER
International Standard Book Number 9780590411363
040 ## - CATALOGING SOURCE
Original cataloging agency FISKH
Language of cataloging eng
Transcribing agency FISKH
Modifying agency FISKH
100 ## - MAIN ENTRY--PERSONAL NAME
Personal name Poe, Edgar Allan
245 ## - TITLE STATEMENT
Title Eight tables of Terror /
Statement of responsibility, etc. by Edgar Allan Poe
260 ## - PUBLICATION, DISTRIBUTION, ETC.
Place of publication, distribution, etc. New York :
Name of publisher, distributor, etc. Scholastic ;
Date of publication, distribution, etc. 1978.
300 ## - PHYSICAL DESCRIPTION
Extent 196 pages :
Other physical details illustrations , map ;
Dimensions 18 cm .
520 ## - SUMMARY, ETC.
Summary, etc. A collection of horror stories includes depictions of a man haunted by the spirit of his dead wife, strange plots of revenge, and a traveler trapped on a ghost ship
942 ## - ADDED ENTRY ELEMENTS (KOHA)
Source of classification or shelving scheme Dewey Decimal Classification
Koha item type Books
Suppress in OPAC No
Holdings
Withdrawn status Lost status Source of classification or shelving scheme Damaged status Not for loan Collection Home library Current library Shelving location Date acquired Total Checkouts Full call number Barcode Date last seen Copy number Price effective from Koha item type
    Dewey Decimal Classification     Fiction Footprints International School Library Network Toul Kork Campus Footprints International School Library Network Toul Kork Campus TTP Secondary Fiction Bookshelves 11/01/2024   POE Fic FISSE00260 11/01/2024 1 11/01/2024 Books
    Dewey Decimal Classification     Fiction Footprints International School Library Network Toul Kork Campus Footprints International School Library Network Toul Kork Campus TTP Secondary Fiction Bookshelves 11/01/2024   POE Fic FISSE00261 11/01/2024 2 11/01/2024 Books